Ships' routeing

Saved in:
Bibliographic Details
Corporate Author: International Maritime Organization
Format: Book
Language:English
Published: London : International Maritime Organization, 1991
Edition:6th ed.
Subjects:
Tags: Add Tag
No Tags, Be the first to tag this record!

MARC

LEADER 00000nam a2200000 i 4500
001 1/66610
008 980910s1991 eng d
020 |a 928011266X 
035 |l 10029850 
040 |a GR-MY-UA  |b gre  |e aacr 
041 0 |a eng 
082 0 |a 623.8884 
110 2 |a International Maritime Organization. 
245 1 0 |a Ships' routeing 
250 |a 6th ed. 
260 |a London :   |b International Maritime Organization,   |c 1991 
300 |a various paging 
500 |a The chartlets contained herein are not to be used for navigation 
650 0 0 |a Rule of the road at sea. 
650 0 0 |a Navigation  |x Safety measures. 
650 0 0 |a Nautical charts. 
852 |a INST  |b CHIOS  |e 19980910  |h 623.8884 SHI  |p 005200015611  |q 005200015611  |t BK  |y 0 
901 |a BIBL-1998-3 
909 |a Χ  |b 054855 
922 |a 2ΕΛΗ  |b 199809  |c ΤΝΕΥ  |d ΜΑΝΤΑΡΑΚΗΣ